VIII : (Record no. 191839)
[ view plain ]
| 000 -LEADER | |
|---|---|
| fixed length control field | 01194aam a2200325 i 4500 |
| 001 - CONTROL NUMBER | |
| control field | vtls000728591 |
| 003 - CONTROL NUMBER IDENTIFIER | |
| control field | PNM |
| 005 - DATE AND TIME OF LATEST TRANSACTION | |
| control field | 20230328100451.0 |
| 008 - FIXED-LENGTH DATA ELEMENTS--GENERAL INFORMATION | |
| fixed length control field | 160506t20132013my ao fr 000 0ceng |
| 015 ## - NATIONAL BIBLIOGRAPHY NUMBER | |
| National bibliography number | M13-15964 |
| 020 ## - INTERNATIONAL STANDARD BOOK NUMBER | |
| International Standard Book Number | 9789671156513 |
| Qualifying information | paperback |
| Terms of availability | RM10.00 |
| 039 #9 - LEVEL OF BIBLIOGRAPHIC CONTROL AND CODING DETAIL [OBSOLETE] | |
| Level of rules in bibliographic description | 201605061538 |
| Level of effort used to assign nonsubject heading access points | VLOAD |
| Level of effort used to assign subject headings | 201404181102 |
| Level of effort used to assign classification | irfah |
| Level of effort used to assign subject headings | 201404161700 |
| Level of effort used to assign classification | zuraidahm |
| Level of effort used to assign subject headings | 201312191508 |
| Level of effort used to assign classification | azril |
| 040 ## - CATALOGING SOURCE | |
| Original cataloging agency | BNM |
| Language of cataloging | eng |
| Transcribing agency | BNM |
| Description conventions | rda |
| Modifying agency | PPAK |
| 049 ## - LOCAL HOLDINGS (OCLC) | |
| Holding library | mal |
| 082 04 - DEWEY DECIMAL CLASSIFICATION NUMBER | |
| Edition number | 23 |
| Classification number | 759.9595 |
| 090 00 - LOCALLY ASSIGNED LC-TYPE CALL NUMBER (OCLC); LOCAL CALL NUMBER (RLIN) | |
| Classification number (OCLC) (R) ; Classification number, CALL (RLIN) (NR) | 759.9595 |
| Feature heading | VII |
| Feature heading | KSF |
| 111 2# - MAIN ENTRY--MEETING NAME | |
| Meeting name or jurisdiction name as entry element | VIII (Exhibition) |
| Date of meeting | (2013 : |
| Location of meeting | Segaris Art Center, Kuala Lumpur) |
| 245 00 - TITLE STATEMENT | |
| Title | VIII : |
| Remainder of title | 15 February - 11 March 2013 / |
| 246 3# - VARYING FORM OF TITLE | |
| Title proper/short title | Eight : |
| Remainder of title | 15 February - 11 March 2013 |
| 264 #1 - PRODUCTION, PUBLICATION, DISTRIBUTION, MANUFACTURE, AND COPYRIGHT NOTICE | |
| Place of production, publication, distribution, manufacture | Kuala Lumpur : |
| Name of producer, publisher, distributor, manufacturer | Segaris Art Center (SAc), |
| Date of production, publication, distribution, manufacture, or copyright notice | 2013 |
| 300 ## - PHYSICAL DESCRIPTION | |
| Extent | 70 pages : |
| Other physical details | colour illustrations, colour photographs ; |
| Dimensions | 22 cm |
| 336 ## - CONTENT TYPE | |
| Content type term | text |
| Source | rdacontent |
| Content type term | still image |
| Source | rdacontent |
| 337 ## - MEDIA TYPE | |
| Media type term | unmediated |
| Source | rdamedia |
| 338 ## - CARRIER TYPE | |
| Carrier type term | volume |
| Source | rdacarrier |
| 500 ## - GENERAL NOTE | |
| General note | Held at Segaris Art Center, Publika Shopping Gallery, Kuala Lumpur from 15 February until 11 March 2013. |
| 650 10 - SUBJECT ADDED ENTRY--TOPICAL TERM | |
| Topical term or geographic name entry element | Painting, Malaysian |
| Form subdivision | Exhibitions |
| Topical term or geographic name entry element | Art, Malaysian |
| Form subdivision | Exhibitions |
| 942 ## - ADDED ENTRY ELEMENTS (KOHA) | |
| Source of classification or shelving scheme | Dewey Decimal Classification |
| Koha item type | Book |
| Withdrawn | Not for loan | Current library | Shelving location | Date acquired | Total Checkouts | Full call number | Barcode | Date last seen | Koha item type |
|---|---|---|---|---|---|---|---|---|---|
| Not For Loan | Perpustakaan Baling | Koleksi Syarifah Fatimah | 19/04/2023 | KSF 759.9595 VII | A00217846 | 19/04/2023 | Book |